000 00252nam a2200097Ia 4500
082 _aJ 916.2 PARK
245 0 _aTake your camera to Egypt
100 _a PARK, Ted Oxford, 2003
_985577
942 _cBK
008 210817s9999 xx 000 0 und d
999 _c320393
_d320392